Normal view
MARC view
- URDU NOVEL-NOOR UD DIN ZANGI.BIOGRAPHY-NOOR UD DIN ZANGI
Entry Topical Term
001 - CONTROL NUMBER
- control field: 75482
003 - CONTROL NUMBER IDENTIFIER
- control field: NUST
005 - DATE AND TIME OF LATEST TRANSACTION
- control field: 20210628205424.0
008 - FIXED-LENGTH DATA ELEMENTS
- fixed length control field: 210628|| aca||aabn | a|a d
040 ## - CATALOGING SOURCE
- Original cataloging agency: NUST
- Transcribing agency: NUST
150 ## - HEADING--TOPICAL TERM
- Topical term or geographic name entry element: URDU NOVEL-NOOR UD DIN ZANGI.BIOGRAPHY-NOOR UD DIN ZANGI
670 ## - SOURCE DATA FOUND
- Source citation: Work cat.: (NUST): Aslam Rahi 64301, Noor ud din zangi, 2000
